فن الطهي الأذربيجاني : (Record no. 21076)
[ view plain ]
| 000 -الفاتح | |
|---|---|
| حقل البيانات ثابتة الطول | 01047nam a22002655a 4500 |
| 003 - محدد رقم الضبط | |
| رقم الضبط | OSt |
| 005 - وقت وتاريخ اخر تعامل مع التسجيلة | |
| رقم الضبط | 20151124102451.0 |
| 008 - عناصر البيانات ثابتة الطول - معلومات عامة | |
| حقل البيانات ثابتة الطول | 151124s2013 aj a gr 000 0 ara d |
| 020 ## - الرقم الدولى المعيارى للكتب | |
| الرقم الدولى المعيارى للكتاب | 9789952481198 |
| 040 ## - مصدر الفهرسة | |
| وكالة الفهرسة الأصلية | EG-ScBUE |
| لغة الفهرسة | ara |
| وكالة النسخ | EG-ScBUE |
| 041 1# - رمز اللغة | |
| رمز لغة النص/ المسارات الصوتية أو العنوان الانفرادي | ara |
| رمز لغة الترجمات و/او الاصلية المتوسطة للنص | aze |
| 043 ## - رمز المنطقة الجغرافية | |
| رمز المنطقة الجغرافية | a-aj--- |
| 082 04 - رقم تصنيف ديوى العشرى | |
| رقم التصنيف | 641.594754 |
| رقم المادة | ف ن ن |
| رقم الطبعة | 22 |
| 245 00 - بيان العنوان | |
| العنوان | فن الطهي الأذربيجاني : |
| بقية العنوان | أكلات قومية / |
| بيان المسئوليه,etc | ترجمة مقدس باييزوف. |
| 250 ## - بيان الطبعة | |
| بيان الطبعة | ط. العربية. |
| 260 ## - PUBLICATION, DISTRIBUTION, ETC. (IMPRINT) | |
| مكان الناشر او الموزع | باكو : |
| اسم الناشر او الموزع | جولدن بوك ؛ |
| -- | وزارة الثقافة والسياحة بجمهورية أذربيجان، |
| تاريخ النشر أو التوزيع | 2013. |
| 300 ## - الوصف المادى | |
| التعداد | [109] ص. : |
| تفاصيل ماديه اخرى للوعاء | إيض. (لو) ؛ |
| أبعاد الوعاء | 21 سم. |
| 541 ## - تبصرة المصدر المباشر للتزويد | |
| مصدر التزويد | Donation from Shahla - Azarbaijan. |
| 546 ## - تبصرة اللغة | |
| تبصرة اللغة | العمل باللغة العربية مترجم من اللغة الآذربيجانية التركية.<br/> |
| 650 #0 - المدخل الاضافى بالموضوع-مصطلح موضوعى | |
| مصطلح موضوعي أو اسم جغرافي كعنصر مدخل | الطهي |
| التقسيم الفرعي الجغرافي | أذربيجان. |
| مصدر الرأس أو المصطلح | BUEsh |
| 651 ## - المدخل الاضافى بالموضوع - اسم جغرافى | |
| مصدر الرأس أو المصطلح | BUEsh |
| 653 ## - مصطلح تكشيفى غير مقيد | |
| Resource For college | Generalities |
| Arrived date list | November2015 |
| 700 1# - المدخل الاضافى - اسم شخصى | |
| الإسم الشخصى | باييزوف، مقدس، |
| الدور | مترجم. |
| 942 ## - عناصر المدخل الإضافي( كوها) | |
| مصدر التصنيف او مخطط الترفيف | Dewey Decimal Classification |
| سابقة رقم الطلب | 641.594754 ف ن ن |
| حالة التراجع | حالة الفقد | مصدر التصنيف او خطة الترفيف | حالة تلف | ليس للاعارة | المكان الدائم | المكان الحالي | موقع الترفيف | تاريخ الاكتساب | Source of acquisition | رقم الاستدعاء | الباركود | Date last seen | تبصرة غير عامة( المفوع للعناصر المفقوده) | نوع الوعاء |
|---|---|---|---|---|---|---|---|---|---|---|---|---|---|---|
| Dewey Decimal Classification | Central Library | Central Library | First floor | 24/11/2015 | Donation | 641.594754 ف ن ن | 000031426 | 15/07/2025 | Donation from Shahla - Azarbaijan. | Book - Borrowing | ||||
| Dewey Decimal Classification | Central Library | Central Library | First floor | 24/11/2015 | Donation | 641.594754 ف ن ن | 000031425 | 15/07/2025 | Donation from Shahla - Azarbaijan. | Book - Borrowing | ||||
| Dewey Decimal Classification | Central Library | Central Library | First floor | 24/11/2015 | Donation | 641.594754 ف ن ن | 000031424 | 15/07/2025 | Donation from Shahla - Azarbaijan. | Book - Borrowing | ||||
| Dewey Decimal Classification | Central Library | Central Library | First floor | 24/11/2015 | Donation | 641.594754 ف ن ن | 000031423 | 15/07/2025 | Donation from Shahla - Azarbaijan. | Book - Borrowing |